Quizzes
Events
Quiz Creation
Community
Videos
Private Events
Remove Ads
Sign In
Join for FREE
Feedback
Dark Mode
Quiz Categories
Sports
Geography
Music
Movies
Television
Just For Fun
Miscellaneous
History
Literature
Language
Science
Gaming
Entertainment
Religion
Holiday
For Kids
Quiz Lab
Recent
Popular Today
Quiz Kudos Today
Editor Picks
Curator Picks
Quizzes by...
Day
Popularity
Type
Ratings
Length
Year
Community
Subscriptions
Recent Discussions
Orange Saloon
Badges
Playlists
Quests
Create
Leaderboards
Showdown
Live 5
Trivia Bingo
Activity
Puzzle Library
Sporcle Events
Private Events
Virtual Trivia
Globe League
Become a Host
Pub Owners
SporcleCon
Opinionation
Our Games
Videos
Blog
Mobile Apps
Partnerships
Remove Ads and Go Orange
Feedback
Movies
Disney
Marvel Cinematic Universe
Movie Resume
Movie Titles
Oscar
Actor
Actress
Director
Pixar
Role
Movie Quotes
Movie Characters
Box Office
Nominee
Best Picture
Star Wars
James Bond
Horror Movies
Movies
Disney
Marvel Cinematic Universe
Movie Resume
Movie Titles
Oscar
Actor
Actress
Director
Pixar
Role
Movie Quotes
Movie Characters
Box Office
Nominee
Best Picture
Star Wars
James Bond
Horror Movies
Random Quiz
Search Sporcle
×
Quiz Lab
Quiz Lab
Movies
Movie Quotes
Type in answers that appear in a list
Type in answers that appear in a list
Classic
Best Score? Go Orange.
Movie Quotes Stats
Can you name the Movie Quotes?
By
johnny_drama
4m
20 Questions
207 Plays
207 Plays
207 Plays
Comments
Comments
Give Quiz Kudos
Give Quiz Kudos
-
- Ratings
hide this ad
Replay
Link that replays current quiz
Next Quiz
Link to next quiz in quiz playlist
You Got
0%
They Got
Avg Score
36%
Avg Friend Score
Upgrade to see
Score Distribution
Jump to the score distribution portion of the page
Score
0/20
Timer
04:00
0
Plays Today
Quote
Movie
% Correct
'A boy's best friend is his mother.'
Psycho
72%
'In case I don't see you. Good afternoon, good evening, and goodnight.'
The Truman Show
58%
'As far back as I can remember, I always wanted to be a gangster.'
Goodfellas
56.5%
'You ever dance with the devil on a pale moonlight?'
Batman
56%
'We got no food. We got no jobs. Are pets heads are falling off!'
Dumb and Dumber
55.1%
'So what? So lets dance!'
Caddyshack
52.2%
'Paulie Bleeker? I didn't think he had it in him.'
Juno
51.7%
'Zed's dead baby. Zed's dead.'
Pulp Fiction
44.4%
'The next time I have to come in here I'm crackin' skulls.'
The Breakfast Club
36.7%
'Are you going to bark all day little doggy? Or are you gonna bite?'
Reservoir Dogs
32.4%
Quote
Movie
% Correct
'That tall drink of water with the silver spoon up his a**.'
The Shawshank Redemption
28%
'Those aren't pillows!'
Planes, Trains, and Automobiles
27.5%
'Hold on to your butts.'
Jurassic Park
26.6%
'Obviously you're not a golfer.'
The Big Lebowski
24.6%
'Well he should have armed himself if he's going to decorate his saloon with my friend'
Unforgiven
24.2%
'This will be the high point of my day; it's all down hill from here.'
American Beauty
21.3%
'I think of a man. Then I take away reason and accountability.'
As Good As It Gets
18.8%
'My advice to you is... start drinking heavily.'
Animal House
18.8%
Is it safe?
Marathon Man
15%
'You don't say that!'
Step Brothers
12.1%
Quiz Playlist
Details
Report
Send in Message
Add To Playlist
Classic:
Type in answers that appear in a list
Last Updated: Feb 16, 2017
Quiz Scoreboard
CHALLENGE
Sign Up to Join the Scoreboard
Show All
Scores
Hide
Comments
May contain spoilers
Recently Published
Presidents Visiting Landmarks
by Hejman
History
7m
An Introduction to Baseball
by treessimontrees
Sports
5m
Movies - When Are They Set?
by FPL_Elf
Movies
5m
More to Explore
Quiz From the Vault
Featured Blog Post
Where Did the Easter Bunny Come From?
hide this ad
You Might Also Like...
Tags
Famous Quiz
Movie Quotes Quiz
Today's Top Quizzes in Movies
Browse Movies
hide this ad
Today's Top Quizzes in Movie Quotes
Browse Movie Quotes
Top Contributed Quizzes in Movies
1
Pick 5 Posters: Directed by Spielberg
2
7-to-1: Pixar Characters
3
Pick 5 Posters: Lowest-Rated Spielberg
4
Pick 5 Posters: Directed by Scorsese
5
Pick 5 Posters: Star & Director
6
Sorting Actors
7
Sorting Actresses
8
12 Movies about Fictional 1960s Events
9
Multi-Oscar Nominations, One Movie, One Winner
10
Pick 5 Posters: Women Directed 2020s
Explore More
Trending Topics
Crossword
Marvel
Kpop
Harry Potter
Disney
NBA
Anime
Country
Song
The Office
Soccer
Pokémon
Puzzle
WWE
NFL
hide this ad
More By:
johnny_drama
Quiz
Plays
Rating
Category
Featured
Created
Actor by Movie Charaters
391
2.60
Movies
Nov 17, 2010
Movie Quotes
207
2.80
Movies
Nov 15, 2010
Simple Math Game
166
3.00
Entertainment
Nov 18, 2013
Cameo Appearances in Entourage
120
Television
Nov 17, 2010
Go to Creator's Profile
Score Distribution
Quiz Creator Spotlight
johnny_drama
Follow
Send a Message
Quizzes Created
-
Created Quiz Play Count
-
More By This Creator
Popular Quizzes Today
1
Find the US States - No Outlines Minefield
2
Find the Countries of Europe - No Outlines Minefield
3
The Countries of the World
4
Find the US States
5
Popular People in 1961
6
US States
7
Risky Map Clicking: Biggest States A-Z
8
1-10 Letter E Words III
More Movies Quizzes
Movie Actor Threesomes IV
Quiz Lab
Trending Quizzes
Risky Map Clicking: Least Populous States A-Z
1-10 Letter G Words
1-10 Letter F Words
Risky Map Clicking: Next State Alphabetically
Risky Map Clicking: Biggest States A-Z
Recently Updated
Leaping Animals
pecheneg
Reality TV Shows (A-Z)
bhenderson79
Rickey Henderson's Hall of Fame Teammates
pecheneg
Champions League XIs: Arsenal
pecheneg
Quick Pick: Celebrities in WWE's Hall of Fame
aduchscher
A-Z Keypad Blitz II
pecheneg
Multiple Oscar Actors
pecheneg
Mystery Phrase Blitz: Oscar 'Best Actors'
pecheneg
F. Scott Fitzgerald Novels
LTH
Pick 3 Villains
ddd62291
Trending Topics
Disney
Crossword
Kpop
NBA
Anime
Marvel
Harry Potter
Soccer
Song
The Office
WWE
Puzzle
NFL
Country
Pokémon
Your Account Isn't Verified!
In order to create a playlist on Sporcle, you need to verify the email address you used during registration. Go to your
Sporcle Settings
to finish the process.
Report this User
Report this user for behavior that violates our
Community Guidelines
.
Details:
Send Report
Go to the Sporcle.com Mobile Site →
Comments